000 00649nam a2200193 i 4500
001 bg
100 1 _aGRABOWSKI, Józef
245 0 _aUogólnione zagadnienia optymalizacji kolejności operacji w dyskretnych systemach produkcyjnych /
_cJózef Grabowski.
260 _aWrocław :
_bWydawn. Polit. Wrocł.,
_c1979.
300 _as. 112 :
_btab.
490 1 _aPrace Nauk. Inst. Cybern. Techn. Polit. Wrocł. ;
_vNr 50
504 _a[Zawiera bibliogr. s. 103-108].
830 _aPrace Nauk. Inst. Cybern. Techn. Polit. Wrocł. ;
040 _cBPK
041 _apol
080 _a65.01
942 _cKS
008 s pl f |000 0 pol
999 _c18786
_d18786
856 _uhttp://koha.tu.koszalin.pl/cgi-bin/koha/opac-detail.pl?biblionumber=18786
_yKatalog online BPK